| 000 | 00504nam a2200205Ia 4500 | ||
|---|---|---|---|
| 008 | 170918s9999 xx 000 0 und d | ||
| 020 | _a9780516273808 | ||
| 050 | _bD291 2002 | ||
| 100 | _aDe Capua, Sarah | ||
| 245 | _aWe need directions! / | ||
| 245 | _cSarah De Capua. | ||
| 260 | _aNew York : | ||
| 260 | _bChildren's Press, | ||
| 260 | _c2002 | ||
| 300 | _a31 pages : | ||
| 300 | _bcolored illustration ; | ||
| 300 | _c18cm. | ||
| 440 | _aRookie read-about geography. | ||
| 500 | _a250 | ||
| 999 |
_c342655 _d342655 |
||